1886 1986 1512 1099 1395 1997 1640 1834 1991 1532 1143 1072 1931 1918 1543 1637 1717 1350 1655 1571 1563 1729 1622 1246 1548 1406 1805 1763 1171 1859 1789 1142 1116 1735 1942 1821 1873 1708 1111 1107 1733 1351 1993 1274 1794 1878 1627 1087 1512 1515 1127 1959 1886 1495 1620 1658 1115 1892 1121 1271 1298 1497 1168 1670 1407 1134 1522 1535 1758 1405 1632 1732 1071 1855 1789 1108 1274 1012 1190 1123 1868 1131 1350 1797 1697 1487 1265 1074 1842 1529 1054 1718 1242 1771 1413 1029 1152 1669 1828 BCNSPRNW ULIB Ver.6.0+V

เปลี่ยนเป็นภาษาไทย

Change to English
 แสดงรายละเอียดบรรณานุกรม
  กลับหน้าหลัก

Brief Record : Get Marc (ISO 2709) : E-mail record : QR code < ปิดหน้าต่าง
LEADER : 00000nam 2200000uu 4500
001    13399113274
003     ULIB
008    111005s2552||||th 000 0 tha d
020    9786115120284
050 04 TT890^bอ846พ 2552
100 0  อุมาวดี ทรัพย์สิน
245 10 พานดอกไม้บูชาพระประจำวัน /^cอุมาวดี ทรัพย์สิน
250    พิมพ์ครั้งที่ 1
260    กรุงเทพฯ :^bวาดศิลป์,^c2552
300    64 หน้า :^bภาพประกอบ ;^c26 ซม
440  0 โครงการหนังสืออนุรักษ์และส่งเสริมศิลปวัฒนธรรมไทย
650  7 การจัดดอกไม้
650  7 การประดิษฐ์ด้วยใบตอง
945    ^p160^l0^i027691
995    ทศพร
999 ^a ทศพร
รายการนี้ยังไม่มีแท็ก
คุณยังไม่ได้ล็อกอิน คุณสามารถมีกิจกรรมร่วมกับเว็บไซต์ได้ แต่ต้องล็อกอินก่อน ::
  ล็อกอิน

รายการสื่อสารสนเทศ

ลำดับที่ ประเภท เลขเรียก/บาร์โค้ด สถานที่ สถานะ
- ไม่พบข้อมูล -

รายการใกล้เคียง
    ผู้แต่ง [อุมาวดี ทรัพย์สิน]

    หัวเรื่อง [การจัดดอกไม้]
    หัวเรื่อง [การประดิษฐ์ด้วยใบตอง]

BibComment


ยังไม่เคยถูกคอมเมนท์

คอมเมนท์ทรัพยากรรายการนี้
  คอมเมนท์: พานดอกไม้บูชาพระป..


 Copyright 2026. Bcnsprnw @Library